Statistiche per Esportazioni di armi - Stati Uniti

Clicka qui per fare il quiz!

Statistiche generali

  • Questo quiz è stato fatto 91 volte
  • Il punteggio medio è 12 su 20

Statistiche sulle risposte

gradodestinatario% Corretto
19Italia
94%
10Regno Unito
80%
18Canada
78%
8Giappone
75%
11India
72%
2Australia
70%
5Iraq
70%
15Israele
68%
7Turchia
65%
1Arabia Saudita
64%
13Egitto
64%
4Corea del Sud
60%
14Afghanistan
57%
16Pakistan
56%
20Grecia
43%
12Qatar
41%
3Emirati Arabi Uniti
37%
17Marocco
36%
9Taiwan
32%
6Singapore
14%

Distribuzione punteggi

Percentile per numero di risposta

Percentuale di utenti per punteggio

I tuoi punteggi nel tempo

Non hai fatto questo quiz